| 000 | 00651nam a2200205 a 4500 | ||
|---|---|---|---|
| 001 | 000030998 | ||
| 003 | DO-SdBNP | ||
| 005 | 20210712093427.0 | ||
| 008 | 110609s20uu dr 000 0 spa d | ||
| 040 |
_aDO-SdBNP _bspa _cBNPHU |
||
| 082 |
_aF- _bH557p |
||
| 100 | 1 |
_aHernández Flores, Ismael _923299 |
|
| 245 | 1 | 3 |
_aEl proyecto de constitución de Duarte y la constitución de San Cristóbal. / _cIsmael Hernández Flores. |
| 260 |
_a[Santo Domingo], : _bBanReservas, _c[20--?]. |
||
| 300 |
_a32 p. ; _c22 cm. |
||
| 590 | _aInventariado, 2021 / DG | ||
| 650 | 4 |
_aRepública Dominicana _xConstitución _935754 |
|
| 910 | _aD/G | ||
| 942 |
_2ddc _cLBS1 |
||
| 999 |
_c30490 _d30490 |
||